La voluntad del poder /

Guardat en:
Dades bibliogràfiques
Autor principal: González O., Alonso
Altres autors: Solís Avendaños, Manuel Antonio
Format: Text
Etiquetes: Afegir etiqueta
Sense etiquetes, Sigues el primer a etiquetar aquest registre!

MARC

LEADER 00000 a a2200000 04500
001 43812
003
040
100 |a González O., Alonso  
245 |a La voluntad del poder /  |c Alonso González O. ; Manuel Solís A.  
700 |a Solís Avendaños, Manuel Antonio  
773 |g páginas 155-226  
999 |c 21056  |d 21056